| 000 | 01489cam a22003011i 4500 | ||
|---|---|---|---|
| 003 | SA-RiAUC | ||
| 005 | 20250903095044.0 | ||
| 008 | 250902s2002 jo g 00000 ara c | ||
| 040 |
_aSA-JeALM _bara _cSA-RiAUC _erda |
||
| 050 | 4 | _b.M84 2002 | |
| 082 | 0 | 4 |
_a213 _qSA-RiAUC |
| 090 |
_a213 _bل ك ن |
||
| 100 | 1 |
_aاللكنوي، محمد عبد الحي بن محمد عبد الحليم، _d1264-1304 هجري _eمؤلف. |
|
| 245 | 1 | 2 |
_aمجموعة الخطب اللكنوية / _bالملقب ب اللطائف المستحسنة بجمع خطب شهور السنة _c محمد بن عبد الحي بن محمد عبد الحليم اللكنوي ؛ اعتنى بجمعه وتقديمه وإخراجه نعيم أشرف نور أحمد. |
| 246 | _aاللطائف المستحسنة بجمع خطب شهور السنة | ||
| 250 | _aالطبعة الأولى. | ||
| 264 | 1 |
_aكراتشي - باكستان : _bادارة القرآن والعلوم الإسلامية، _c1999 |
|
| 300 |
_a148 صفحة ؛ _c24 سم. |
||
| 336 |
_aنص _btxt _2rdacontent _3كتاب |
||
| 337 |
_aبدون وسيط _bn _2rdamedia |
||
| 650 | 7 |
_aالوعظ والإرشاد _2aucsh |
|
| 650 | 7 |
_aالخطب الدينية الإسلامية _2aucsh |
|
| 650 | 7 |
_aالدعوة الإسلامية _2aucsh |
|
| 650 | 7 |
_aالخطب الدينية _2aucsh |
|
| 700 | 1 |
_aنور أحمد، نعيم أشرف، _eمحقق. |
|
| 942 |
_2ddc _cBOOK _n0 |
||
| 949 |
_aSA-JeALM _d250902 _uosman123 _n1 |
||
| 999 |
_c11430 _d11430 |
||